[Event "Chicago op 28th"]
[Site "Chicago"]
[Date "2019.05.27"]
[Round "8"]
[White "Padhya, Saumil"]
[Black "Pullin, Matthew"]
[Result "1-0"]
[WhiteElo "2188"]
[BlackElo "1947"]
[PlyCount "121"]
[EventDate "2019.05.23"]
[EventType "swiss"]
[EventRounds "9"]
[EventCountry "USA"]
[SourceTitle "EXT 2020"]
[Source "ChessBase"]
[SourceDate "2019.10.17"]
[SourceVersion "1"]
[SourceVersionDate "2019.10.17"]
[SourceQuality "1"]

1. e4 e5 2. Nf3 Nc6 3. Bb5 a6 4. Ba4 Nf6 5. d3 d6 6. c3 g6 7. Nbd2 Bd7 8. Nf1 Bg7 9. Ng3 Qe7 10. h3 h6 11. Be3 0-0 12. 0-0 Kh7 13. Re1 Ng8 14. d4 b5 15. Bc2 Na5 16. b3 Nb7 17. Nh2 c5 18. f4 cxd4 19. cxd4 Rac8 20. Nf3 Be6 21. Rc1 Rfd8 22. Qd2 Qf8 23. Nf5 Bh8 24. Qf2 exf4 25. Bxf4 d5 26. Ne3 dxe4 27. Bxe4 Nd6 28. Bb1 Rxc1 29. Rxc1 Ne7 30. Ne5 Ndf5 31. Nxf5 Nxf5 32. Bxf5 Bxf5 33. Rc7 Bxe5 34. Bxe5 Rc8 35. Rb7 Qe8 36. Kh2 Qe6 37. Qf3 b4 38. Rxb4 h5 39. Rb7 Kg8 40. Qf4 Kh7 41. Qg5 Be4 42. Re7 Qf5 43. Qxf5 gxf5 44. Rxf7+ Kg6 45. Rf6+ Kh7 46. Rf7+ Kg6 47. Rg7+ Kh6 48. Rc7 Rxc7 49. Bxc7 h4 50. Bd8 Kh5 51. g3 hxg3+ 52. Kxg3 Kg6 53. Kf4 Kf7 54. Ke5 Ke8 55. Bg5 Kd7 56. d5 a5 57. a3 Bc2 58. b4 axb4 59. axb4 Kc7 60. Ke6 Bb3 61. h4 1-0

[Event "Chicago op 26th"]
[Site "Chicago"]
[Date "2017.05.25"]
[Round "1"]
[White "Brown, Michael William"]
[Black "Padhya, Saumil"]
[Result "1-0"]
[WhiteElo "2489"]
[BlackElo "2219"]
[PlyCount "83"]
[EventDate "2017.05.25"]
[EventType "swiss"]
[EventRounds "9"]
[EventCountry "USA"]
[SourceTitle "CBM 178 Extra"]
[Source "ChessBase"]
[SourceDate "2017.06.22"]
[SourceVersion "1"]
[SourceVersionDate "2017.06.22"]
[SourceQuality "1"]

1. d4 Nf6 2. c4 g6 3. Nc3 d5 4. Bf4 Bg7 5. e3 c5 6. dxc5 Qa5 7. Rc1 Be6 8. Qb3 0-0 9. Qxb7 Ne4 10. Nge2 Na6 11. Qb5 Qxb5 12. cxb5 Naxc5 13. Nd4 Bd7 14. Nxe4 Nxe4 15. f3 e5 16. Bxe5 Bxe5 17. fxe4 dxe4 18. Bc4 Bxd4 19. exd4 Rac8 20. Kd2 Kg7 21. Ke3 f5 22. g3 Kf6 23. Rc3 Ke7 24. Rhc1 Kd6 25. a4 g5 26. Be2 f4+ 27. gxf4 gxf4+ 28. Kxe4 Rce8+ 29. Kf3 Bg4+ 30. Kxg4 Rxe2 31. R3c2 Re4 32. Kf3 Re3+ 33. Kf2 Rg8 34. Rc7 Rh3 35. Rxa7 f3 36. Rf7 Rg2+ 37. Ke3 f2+ 38. Rf3 Rhxh2 39. Rf1 Rg7 40. R1xf2 Re7+ 41. Kd3 Rh1 42. Rf6+ 1-0

[Event "IND-ch U19 43rd"]
[Site "Lucknow"]
[Date "2013.07.14"]
[Round "7"]
[White "Padhya, Saumil"]
[Black "Visakh, Narayanan Rajeswari"]
[Result "0-1"]
[WhiteElo "2234"]
[BlackElo "2217"]
[PlyCount "146"]
[EventDate "2013.07.10"]
[EventType "swiss"]
[EventRounds "11"]
[EventCountry "IND"]
[SourceTitle "CBM 155 Extra"]
[Source "ChessBase"]
[SourceDate "2013.08.26"]
[SourceVersion "1"]
[SourceVersionDate "2013.08.26"]
[SourceQuality "1"]

1. e4 e5 2. Nf3 Nc6 3. Bb5 a6 4. Ba4 d6 5. c3 Bd7 6. 0-0 g6 7. Re1 Bg7 8. d3 Nge7 9. Nbd2 0-0 10. Nf1 h6 11. Ng3 Qe8 12. Bc2 f5 13. exf5 gxf5 14. d4 e4 15. Nd2 Qf7 16. Nh5 d5 17. Nf1 Ng6 18. Nxg7 Kxg7 19. Qh5 f4 20. f3 exf3 21. Bxg6 Qxg6 22. Qxg6+ Kxg6 23. gxf3 Bh3 24. Kf2 Kf5 25. Bd2 Rg8 26. Ng3+ fxg3+ 27. hxg3 Kf6 28. Rh1 Bf5 29. g4 Bg6 30. Rxh6 Rh8 31. Rxh8 Rxh8 32. Bf4 Rh7 33. Re1 Rd7 34. Bg3 Bd3 35. Re8 Bb1 36. a3 Na5 37. Be5+ Kf7 38. Rc8 c6 39. f4 Nc4 40. Kg3 Re7 41. b3 Nb2 42. Kh4 Nd1 43. c4 dxc4 44. bxc4 Ne3 45. c5 Bc2 46. Bd6 Re8 47. Rc7+ Ke6 48. f5+ Bxf5 49. gxf5+ Nxf5+ 50. Kg5 Nxd6 51. cxd6 Kxd6 52. Rxb7 Re4 53. Ra7 Rxd4 54. Rxa6 Re4 55. Kf5 Re8 56. a4 Kd5 57. Kf6 c5 58. Kf7 Rc8 59. Ke7 Rc6 60. Ra5 Kd4 61. Kd7 Rh6 62. Ra8 c4 63. Kc7 Kc5 64. Kb7 Kb4 65. Rc8 Rh4 66. Kb6 Kxa4 67. Kc5 c3 68. Ra8+ Kb3 69. Rb8+ Kc2 70. Rb7 Kc1 71. Kd5 c2 72. Ke5 Kd2 73. Rd7+ Kc3 0-1

[Event "Kolkata op 5th"]
[Site "Kolkata"]
[Date "2012.12.07"]
[Round "5"]
[White "Padhya, Saumil"]
[Black "Himanshu, Sharma"]
[Result "1/2-1/2"]
[WhiteElo "2236"]
[BlackElo "2417"]
[PlyCount "110"]
[EventDate "2012.12.03"]
[EventType "swiss"]
[EventRounds "11"]
[EventCountry "IND"]
[SourceTitle "EXT 2014"]
[Source "ChessBase"]
[SourceDate "2013.11.20"]
[SourceVersion "1"]
[SourceVersionDate "2013.11.20"]
[SourceQuality "1"]

1. e4 c5 2. Nf3 Nc6 3. c4 g6 4. d4 cxd4 5. Nxd4 Bg7 6. Be3 Nf6 7. Nc3 Ng4 8. Qxg4 Nxd4 9. Qd1 Ne6 10. Qd2 0-0 11. Be2 d6 12. 0-0 Nc5 13. f3 Be6 14. b4 Nd7 15. Rac1 a5 16. a3 axb4 17. axb4 f5 18. exf5 gxf5 19. Nd5 Nf6 20. Bb6 Qd7 21. Nc7 Rac8 22. Nxe6 Qxe6 23. Rfe1 Nd7 24. Bf1 Qf7 25. Bd4 Kh8 26. Kh1 Nf6 27. Ra1 Rcd8 28. Ra7 e5 29. Bb2 Nh5 30. Qf2 Rfe8 31. Qb6 Bf6 32. Rxb7 Qg6 33. Qf2 f4 34. Rd1 Ng3+ 35. Kg1 Nxf1 36. Qxf1 Qh6 37. Rb6 Qf8 38. Qd3 Be7 39. Qe4 Kg8 40. Qd5+ Qf7 41. Qxf7+ Kxf7 42. Rc6 Rb8 43. Bc3 Rec8 44. Rxc8 Rxc8 45. c5 dxc5 46. bxc5 Bxc5+ 47. Kf1 Ke6 48. Be1 Bd4 49. g3 Rc2 50. Rd2 Rc1 51. gxf4 Be3 52. Ra2 Bxf4 53. Re2 Kf5 54. Kg2 Rc4 55. Bg3 h5 1/2-1/2

[Event "Commonwealth-ch"]
[Site "Chennai"]
[Date "2012.11.25"]
[Round "5"]
[White "Padhya, Saumil"]
[Black "Rakesh, Kumar Jena"]
[Result "1-0"]
[WhiteElo "2236"]
[BlackElo "1995"]
[PlyCount "111"]
[EventDate "2012.11.23"]
[EventType "swiss"]
[EventRounds "11"]
[EventCountry "IND"]
[SourceTitle "CBM 151 Extra"]
[Source "ChessBase"]
[SourceDate "2012.12.18"]
[SourceVersion "1"]
[SourceVersionDate "2012.12.18"]
[SourceQuality "1"]

1. e4 c5 2. Nf3 d6 3. d4 cxd4 4. Nxd4 Nf6 5. Nc3 g6 6. Be3 Bg7 7. Be2 Nc6 8. Nb3 0-0 9. 0-0 a6 10. f4 b5 11. Bf3 Bb7 12. e5 dxe5 13. fxe5 Nd7 14. e6 fxe6 15. Bg4 Rxf1+ 16. Qxf1 Nf8 17. Nc5 Bc8 18. Qf3 Qc7 19. Rf1 Ne5 20. Qf4 Ra7 21. Bd4 Bf6 22. Bh3 Nc6 23. Bxf6 Qxf4 24. Rxf4 exf6 25. Rxf6 Rf7 26. Rf2 Rxf2 27. Kxf2 Nd4 28. N3e4 Nf5 29. Bxf5 exf5 30. Nd6 Ne6 31. Nd3 Bd7 32. Ne5 Nf8 33. Ke3 Be6 34. b3 Nd7 35. Kd4 Kf8 36. Nxd7+ Bxd7 37. c4 Ke7 38. Ke5 b4 39. g3 Bc6 40. h4 Kd7 41. c5 Bf3 42. Kd4 Kc6 43. Kc4 a5 44. Kd4 Bg2 45. Nc4 Kb5 46. Nd6+ Kc6 47. h5 Bh1 48. h6 Bf3 49. Ne8 g5 50. Nf6 f4 51. gxf4 gxf4 52. Nxh7 Bg4 53. Ng5 Bf5 54. Ke5 Bg6 55. Kxf4 Kxc5 56. Ke5 1-0

[Event "Commonwealth-ch"]
[Site "Chennai"]
[Date "2012.11.24"]
[Round "3"]
[White "Padhya, Saumil"]
[Black "Adhiban, Baskaran"]
[Result "0-1"]
[WhiteElo "2236"]
[BlackElo "2559"]
[PlyCount "82"]
[EventDate "2012.11.23"]
[EventType "swiss"]
[EventRounds "11"]
[EventCountry "IND"]
[SourceTitle "CBM 151 Extra"]
[Source "ChessBase"]
[SourceDate "2012.12.18"]
[SourceVersion "1"]
[SourceVersionDate "2012.12.18"]
[SourceQuality "1"]

1. e4 c5 2. Nf3 d6 3. d4 cxd4 4. Nxd4 Nf6 5. Nc3 a6 6. Be2 e5 7. Nb3 Be7 8. 0-0 0-0 9. a4 Nc6 10. f4 Nb4 11. Kh1 Bd7 12. Be3 Bc6 13. Bf3 Rc8 14. Rf2 d5 15. fxe5 Nxe4 16. Bxe4 dxe4 17. Nd4 Bc5 18. Nxc6 Rxc6 19. Bxc5 Rxc5 20. Rd2 Qe7 21. Nxe4 Rxe5 22. Ng3 Re8 23. Nf1 Qe6 24. Qf3 Nc6 25. Rad1 Rf5 26. Qc3 h5 27. h3 h4 28. Qd3 Rf4 29. b3 Nd4 30. Ne3 Nf3 31. Nd5 Qe1+ 32. Qf1 Qxf1+ 33. Rxf1 Nxd2 34. Rxf4 Re1+ 35. Kh2 Nf1+ 36. Kg1 Ne3+ 37. Kf2 Nxd5 38. Rd4 Re5 39. c4 Rf5+ 40. Kg1 Nf4 41. Rd8+ Kh7 0-1

[Event "Visakhapatnam op"]
[Site "Visakhapatnam"]
[Date "2012.11.02"]
[Round "10"]
[White "Padhya, Saumil"]
[Black "Ramnath, Bhuvanesh R"]
[Result "1/2-1/2"]
[WhiteElo "2236"]
[BlackElo "2359"]
[PlyCount "38"]
[EventDate "2012.10.26"]
[EventType "swiss"]
[EventRounds "11"]
[EventCountry "IND"]
[SourceTitle "EXT 2013"]
[Source "ChessBase"]
[SourceDate "2012.11.22"]
[SourceVersion "1"]
[SourceVersionDate "2012.11.22"]
[SourceQuality "1"]

1. e4 c5 2. Nf3 Nc6 3. d4 cxd4 4. Nxd4 Nf6 5. Nc3 e5 6. Ndb5 d6 7. Bg5 a6 8. Na3 b5 9. Nd5 Be7 10. Bxf6 Bxf6 11. c3 Ne7 12. Nxf6+ gxf6 13. Bd3 d5 14. Qe2 d4 15. cxd4 Qxd4 16. Nc2 Qb6 17. 0-0 0-0 18. Ne3 Be6 19. a4 Rab8 1/2-1/2

[Event "Visakhapatnam op"]
[Site "Visakhapatnam"]
[Date "2012.10.31"]
[Round "8"]
[White "Padhya, Saumil"]
[Black "Iuldachev, Saidali"]
[Result "0-1"]
[WhiteElo "2236"]
[BlackElo "2458"]
[PlyCount "111"]
[EventDate "2012.10.26"]
[EventType "swiss"]
[EventRounds "11"]
[EventCountry "IND"]
[SourceTitle "EXT 2013"]
[Source "ChessBase"]
[SourceDate "2012.11.22"]
[SourceVersion "1"]
[SourceVersionDate "2012.11.22"]
[SourceQuality "1"]

1. e4 e5 2. Nf3 Nc6 3. Bb5 Nf6 4. Qe2 Bc5 5. c3 0-0 6. d3 d6 7. 0-0 Bb6 8. Nbd2 Ne7 9. d4 c6 10. Bd3 Ng6 11. Nc4 Bc7 12. dxe5 dxe5 13. g3 h6 14. Ne3 Bh3 15. Rd1 Ng4 16. Bc4 Qf6 17. Nf5 Rad8 18. Bd2 Bb6 19. Be1 Ne7 20. Nxe7+ Qxe7 21. Kh1 Nf6 22. Nh4 Be6 23. Bxe6 Qxe6 24. b3 g6 25. f3 Rd6 26. Rd2 Rxd2 27. Bxd2 Kg7 28. Rd1 Nh5 29. Be3 Qh3 30. Kg1 Nf4 31. gxf4 Qxh4 32. Bxb6 axb6 33. fxe5 Qg5+ 34. Kh1 Qxe5 35. Qe3 Ra8 36. a4 b5 37. Qd4 Qxd4 38. Rxd4 c5 39. Rd5 bxa4 40. bxa4 b6 41. Rd6 Rxa4 42. Rxb6 Ra3 43. Kg2 Rxc3 44. h4 c4 45. Rc6 Rc1 46. Kg3 c3 47. Kg2 c2 48. f4 h5 49. f5 gxf5 50. exf5 f6 51. Kh2 Kf7 52. Rc7+ Ke8 53. Rc3 Kd7 54. Rd3+ Kc6 55. Rd2 Rh1+ 56. Kxh1 0-1

[Event "Mumbai Mayors Cup 5th"]
[Site "Mumbai"]
[Date "2012.06.13"]
[Round "9"]
[White "Padhya, Saumil"]
[Black "Udeshi, Aditya"]
[Result "0-1"]
[WhiteElo "2236"]
[BlackElo "2352"]
[PlyCount "94"]
[EventDate "2012.06.07"]
[EventType "swiss"]
[EventRounds "11"]
[EventCountry "IND"]
[SourceTitle "CBM 148 Extra"]
[Source "ChessBase"]
[SourceDate "2012.06.22"]
[SourceVersion "1"]
[SourceVersionDate "2012.06.22"]
[SourceQuality "1"]

1. e4 c5 2. Nf3 d6 3. d4 cxd4 4. Nxd4 Nf6 5. Nc3 a6 6. Be2 e5 7. Nb3 Be7 8. 0-0 0-0 9. a4 Be6 10. f4 exf4 11. Bxf4 Nc6 12. Kh1 Rc8 13. Qe1 Ne8 14. Nd5 Bg5 15. Rd1 Bxf4 16. Rxf4 Ne5 17. Nd4 Bxd5 18. exd5 Nf6 19. c4 Re8 20. Qf1 Ng6 21. Rf3 Rc7 22. Nf5 Re5 23. b4 Rd7 24. a5 Ne8 25. Qf2 Qg5 26. h4 Qd8 27. Bd3 Nf6 28. Rg3 h5 29. Ne3 Ne4 30. Bxe4 Qxh4+ 31. Kg1 Qxe4 32. Rf1 Qd4 33. Rd1 Qf4 34. Rf3 Qh4 35. g3 Qe7 36. Nf5 Qg5 37. Kh2 Rd8 38. Nd4 h4 39. Rg1 Re4 40. Nf5 h3 41. Re3 Rxc4 42. Rge1 Ne5 43. Kh1 Ng4 44. Re8+ Rxe8 45. Rxe8+ Kh7 46. Qf1 Rc1 47. Re1 Rxe1 0-1

[Event "Mumbai Mayors Cup 5th"]
[Site "Mumbai"]
[Date "2012.06.10"]
[Round "6"]
[White "Padhya, Saumil"]
[Black "Krishna, C Revanth Gopala"]
[Result "1-0"]
[WhiteElo "2236"]
[BlackElo "2326"]
[PlyCount "75"]
[EventDate "2012.06.07"]
[EventType "swiss"]
[EventRounds "11"]
[EventCountry "IND"]
[SourceTitle "CBM 148 Extra"]
[Source "ChessBase"]
[SourceDate "2012.06.22"]
[SourceVersion "1"]
[SourceVersionDate "2012.06.22"]
[SourceQuality "1"]

1. e4 Nf6 2. e5 Nd5 3. d4 d6 4. c4 Nb6 5. exd6 cxd6 6. Nc3 g6 7. Be3 Bg7 8. Rc1 0-0 9. b3 Nc6 10. d5 Ne5 11. Be2 Re8 12. Nf3 Ng4 13. Bf4 e5 14. dxe6 Bxe6 15. 0-0 d5 16. h3 Nh6 17. c5 d4 18. Nb5 Nd5 19. Bg5 Qa5 20. Nfxd4 Bd7 21. Bc4 Nf6 22. Nd6 Ne4 23. Nxe8 Rxe8 24. Be3 Nf5 25. Nxf5 Bxf5 26. Qf3 Qc7 27. Bd3 Qc6 28. a4 a6 29. b4 Qxa4 30. g4 Qa3 31. Rcd1 Nc3 32. gxf5 Nxd1 33. Rxd1 Qxb4 34. fxg6 hxg6 35. Rb1 Qc3 36. Rxb7 Bf6 37. Qd5 Rf8 38. Rxf7 1-0

[Event "Mumbai Mayors Cup 5th"]
[Site "Mumbai"]
[Date "2012.06.08"]
[Round "3"]
[White "Debashis, Das"]
[Black "Padhya, Saumil"]
[Result "1-0"]
[WhiteElo "2425"]
[BlackElo "2236"]
[PlyCount "99"]
[EventDate "2012.06.07"]
[EventType "swiss"]
[EventRounds "11"]
[EventCountry "IND"]
[SourceTitle "CBM 148 Extra"]
[Source "ChessBase"]
[SourceDate "2012.06.22"]
[SourceVersion "1"]
[SourceVersionDate "2012.06.22"]
[SourceQuality "1"]

1. d4 Nf6 2. c4 g6 3. Nc3 d5 4. cxd5 Nxd5 5. Bd2 Bg7 6. e4 Nxc3 7. Bxc3 c5 8. d5 Bxc3+ 9. bxc3 Qa5 10. Qd2 0-0 11. Nf3 Rd8 12. Be2 Bg4 13. 0-0 Nd7 14. Rfb1 Bxf3 15. Bxf3 Qc7 16. a4 c4 17. Qe3 b6 18. Be2 a5 19. Rb5 Rac8 20. Bg4 Rb8 21. Bxd7 Rxd7 22. h4 e6 23. Rd1 exd5 24. exd5 h5 25. g3 Rd6 26. Rd4 Rc8 27. Qf4 Re8 28. Rxc4 Qe7 29. Kg2 Rf6 30. Qd4 Qe2 31. Qxf6 Qxc4 32. Qd4 Qxd4 33. cxd4 Re4 34. Rxb6 Rxd4 35. d6 Kg7 36. Rb5 Rxd6 37. Rxa5 Rd2 38. Rb5 Ra2 39. a5 Kf6 40. Rb6+ Kf5 41. a6 f6 42. Kf3 g5 43. Ke3 g4 44. Kd4 Ra5 45. Kc4 Ra1 46. Kb4 Rb1+ 47. Kc5 Rc1+ 48. Kb5 Ra1 49. Rc6 Rb1+ 50. Ka5 1-0

[Event "Budapest FS04 IM"]
[Site "Budapest"]
[Date "2012.04.11"]
[Round "5"]
[White "Padhya, Saumil"]
[Black "Szeberenyi, Adam"]
[Result "0-1"]
[WhiteElo "2187"]
[BlackElo "2305"]
[PlyCount "100"]
[EventDate "2012.04.07"]
[EventType "tourn"]
[EventRounds "9"]
[EventCountry "HUN"]
[EventCategory "1"]
[SourceTitle "CBM 147 Extra"]
[Source "ChessBase"]
[SourceDate "2012.04.24"]
[SourceVersion "1"]
[SourceVersionDate "2012.04.24"]
[SourceQuality "1"]

1. e4 d5 2. exd5 Qxd5 3. Nc3 Qd6 4. d4 Nf6 5. Nf3 a6 6. g3 b5 7. Bg2 Bb7 8. 0-0 e6 9. Bf4 Qb6 10. a4 Bd6 11. Ne5 Bxg2 12. Kxg2 Qb7+ 13. Qf3 Qxf3+ 14. Kxf3 b4 15. Ne2 Nd5 16. Nd3 Nc6 17. Bxd6 cxd6 18. Ndf4 Nb6 19. b3 g5 20. Ng2 Nd5 21. Ne3 Nce7 22. Nxd5 Nxd5 23. Ke4 Rc8 24. Kd3 Kd7 25. Kd2 Rc7 26. f4 g4 27. Rac1 Rhc8 28. Kd3 Rxc2 29. Rxc2 Rxc2 30. Kxc2 Ne3+ 31. Kd3 Nxf1 32. Kc4 Nxh2 33. Kxb4 Kc6 34. Ka5 Kb7 35. b4 Nf1 36. b5 axb5 37. Kxb5 h5 38. a5 Ne3 39. a6+ Ka7 40. d5 Nxd5 41. Kc6 Kxa6 42. Kxd6 Kb5 43. f5 Kc4 44. fxe6 fxe6 45. Kxe6 Kd3 46. Nc1+ Ke4 47. Nb3 h4 48. Nd2+ Kd3 49. Nf1 Ke2 50. Kf5 Nf6 0-1

[Event "Budapest FS04 IM"]
[Site "Budapest"]
[Date "2012.04.10"]
[Round "4"]
[White "Lengyel, Bela"]
[Black "Padhya, Saumil"]
[Result "0-1"]
[WhiteElo "2257"]
[BlackElo "2187"]
[PlyCount "62"]
[EventDate "2012.04.07"]
[EventType "tourn"]
[EventRounds "9"]
[EventCountry "HUN"]
[EventCategory "1"]
[SourceTitle "CBM 147 Extra"]
[Source "ChessBase"]
[SourceDate "2012.04.24"]
[SourceVersion "1"]
[SourceVersionDate "2012.04.24"]
[SourceQuality "1"]

1. e4 c5 2. Nf3 d6 3. d4 cxd4 4. Nxd4 Nf6 5. Nc3 a6 6. Be2 e5 7. Nb3 Be7 8. 0-0 0-0 9. Be3 Be6 10. a4 Nbd7 11. a5 Rc8 12. Qd2 Qc7 13. Rfc1 Qc6 14. Bf3 Rfe8 15. Ra4 Nc5 16. Nxc5 dxc5 17. Qe2 h6 18. g3 c4 19. Rca1 Bc5 20. Bxc5 Qxc5 21. Rd1 Red8 22. Rxd8+ Rxd8 23. Kf1 Rd4 24. Ke1 Bd7 25. Ra2 Bc6 26. h4 h5 27. Bg2 g6 28. f3 Rd6 29. Kf1 Bd7 30. Qe1 Kg7 31. Ra1 Qb4 0-1

[Event "Budapest FS04 IM"]
[Site "Budapest"]
[Date "2012.04.09"]
[Round "3"]
[White "Melkonian, Vardan"]
[Black "Padhya, Saumil"]
[Result "1/2-1/2"]
[WhiteElo "2230"]
[BlackElo "2187"]
[PlyCount "138"]
[EventDate "2012.04.07"]
[EventType "tourn"]
[EventRounds "9"]
[EventCountry "HUN"]
[EventCategory "1"]
[SourceTitle "CBM 147 Extra"]
[Source "ChessBase"]
[SourceDate "2012.04.24"]
[SourceVersion "1"]
[SourceVersionDate "2012.04.24"]
[SourceQuality "1"]

1. d4 Nf6 2. Nf3 g6 3. Bf4 Bg7 4. c3 0-0 5. Nbd2 Nh5 6. Be5 Nf6 7. h3 d6 8. Bh2 c5 9. dxc5 dxc5 10. e4 Nc6 11. Qc2 h6 12. Rd1 Be6 13. Be2 Qc8 14. 0-0 Rd8 15. Nc4 Rxd1 16. Rxd1 Qe8 17. Nfe5 Nxe5 18. Nxe5 Rd8 19. f3 Rxd1+ 20. Qxd1 Nd7 21. Qa4 a6 22. Nd3 Qc8 23. Nf4 b5 24. Qa5 Nf8 25. a4 c4 26. axb5 Qc5+ 27. Kf1 axb5 28. Qd8 b4 29. Bg1 Qb5 30. Nxe6 fxe6 31. Bd4 bxc3 32. Bxg7 Kxg7 33. Qxe7+ Kg8 34. bxc3 Qb1+ 35. Kf2 Qb6+ 36. Kg3 Qb8+ 37. Kf2 Qb6+ 38. Ke1 Qg1+ 39. Kd2 Qxg2 40. h4 Qh2 41. Qf6 Qd6+ 42. Ke3 Qc5+ 43. Qd4 Qh5 44. e5 g5 45. hxg5 Qxg5+ 46. Qf4 Ng6 47. Qxg5 hxg5 48. Bxc4 Kf7 49. Kd4 Ke7 50. Bd3 Nf4 51. Be4 Kd7 52. c4 Kc7 53. c5 Ne2+ 54. Kd3 Ng3 55. Bg6 Kc6 56. Kc4 Nf1 57. Be8+ Kc7 58. Kd3 Ng3 59. Ke3 Nf5+ 60. Kf2 Ng7 61. Bb5 Nh5 62. Ke3 Nf4 63. Be8 Kb7 64. Bb5 Kc7 65. Kd4 Kb7 66. Bd3 Kc6 67. Be4+ Kb5 68. Bh7 Ne2+ 69. Ke3 Nf4 1/2-1/2

[Event "New Delhi Parsvnath op 10th"]
[Site "New Delhi"]
[Date "2012.01.22"]
[Round "10"]
[White "Rajesh, VAV"]
[Black "Padhya, Saumil"]
[Result "1/2-1/2"]
[WhiteElo "2338"]
[BlackElo "2115"]
[PlyCount "83"]
[EventDate "2012.01.15"]
[EventType "swiss"]
[EventRounds "11"]
[EventCountry "IND"]
[SourceTitle "CBM 146 Extra"]
[Source "ChessBase"]
[SourceDate "2012.02.29"]
[SourceVersion "1"]
[SourceVersionDate "2012.02.29"]
[SourceQuality "1"]

1. d4 Nf6 2. c4 g6 3. Nc3 d5 4. Bf4 Bg7 5. e3 c5 6. dxc5 Qa5 7. Rc1 0-0 8. cxd5 Rd8 9. Bc4 Be6 10. Qb3 Nxd5 11. Nge2 Nxc3 12. Nxc3 Bxc4 13. Qxc4 Na6 14. 0-0 Qxc5 15. Qe4 Qb4 16. Qc2 Nc5 17. Rfd1 Bxc3 18. bxc3 Qe4 19. Rxd8+ Rxd8 20. Qxe4 Nxe4 21. f3 Nc5 22. e4 Rc8 23. Bd2 b5 24. Kf1 Na4 25. Ke2 a6 26. Kd3 f6 27. Rb1 Kf7 28. Rb4 e5 29. Kc2 Rc5 30. Rb1 Ke6 31. Kd3 Kd7 32. Re1 Rc4 33. Kc2 Ke6 34. Re3 Nc5 35. Kb2 h5 36. Be1 f5 37. exf5+ gxf5 38. Bd2 Kd5 39. Kb1 Rh4 40. h3 Rc4 41. Be1 Ke6 42. Re2 1/2-1/2

[Event "New Delhi Parsvnath op 10th"]
[Site "New Delhi"]
[Date "2012.01.20"]
[Round "8"]
[White "Ankit, R Rajpara"]
[Black "Padhya, Saumil"]
[Result "1-0"]
[WhiteElo "2349"]
[BlackElo "2115"]
[PlyCount "79"]
[EventDate "2012.01.15"]
[EventType "swiss"]
[EventRounds "11"]
[EventCountry "IND"]
[SourceTitle "CBM 146 Extra"]
[Source "ChessBase"]
[SourceDate "2012.02.29"]
[SourceVersion "1"]
[SourceVersionDate "2012.02.29"]
[SourceQuality "1"]

1. c4 Nf6 2. Nc3 d5 3. cxd5 Nxd5 4. g3 g6 5. Bg2 Nb6 6. Nf3 Bg7 7. 0-0 Nc6 8. d3 0-0 9. Be3 e5 10. a4 a5 11. Bxb6 cxb6 12. Nd2 Be6 13. Rc1 f5 14. Nb5 Rf7 15. Bxc6 bxc6 16. Rxc6 Bd5 17. Rd6 Rd7 18. Rxd7 Qxd7 19. Nc4 Qc6 20. Qc1 e4 21. Ne3 Qxc1 22. Rxc1 Bb3 23. dxe4 fxe4 24. Rc6 Rb8 25. Nc3 Bd4 26. Ned5 e3 27. Nxe3 Bxe3 28. fxe3 Rb7 29. Kf2 Kf7 30. e4 Kg7 31. Ke3 Kf7 32. Kd4 Ke7 33. Nd5+ Bxd5 34. exd5 b5 35. axb5 Rxb5 36. Ra6 Rxb2 37. e4 Rxh2 38. Ke5 Re2 39. Ra7+ Kf8 40. d6 1-0

[Event "IND-chB 49th"]
[Site "Aurangabad"]
[Date "2011.06.16"]
[Round "1"]
[White "Roy Chowdhury, Saptarshi"]
[Black "Padhya, Saumil"]
[Result "1/2-1/2"]
[WhiteElo "2445"]
[BlackElo "1980"]
[PlyCount "73"]
[EventDate "2011.06.16"]
[EventType "swiss"]
[EventRounds "13"]
[EventCountry "IND"]
[SourceTitle "CBM 143 Extra"]
[Source "ChessBase"]
[SourceDate "2011.08.29"]
[SourceVersion "1"]
[SourceVersionDate "2011.08.29"]
[SourceQuality "1"]

1. e4 c5 2. Nf3 d6 3. c3 Nf6 4. Be2 Nc6 5. d3 e6 6. 0-0 Be7 7. Nbd2 0-0 8. Re1 b5 9. Bf1 Qb6 10. Nb3 a5 11. Bg5 a4 12. Nbd2 Ba6 13. a3 Rfd8 14. h3 d5 15. e5 Nd7 16. Bxe7 Nxe7 17. d4 Nc6 18. dxc5 Nxc5 19. Nd4 Nxd4 20. cxd4 Nd7 21. Nf3 b4 22. Bxa6 Rxa6 23. Qd2 bxa3 24. bxa3 Rb8 25. Qd3 Qb5 26. Qe3 Nf8 27. Nd2 Qd7 28. Qd3 Qb5 29. Qg3 Qb2 30. Qe3 Rc8 31. Nf3 Rb6 32. Rac1 Rxc1 33. Rxc1 Rb3 34. Qf4 Rb7 35. Qe3 Rb3 36. Qf4 Rb7 37. Qe3 1/2-1/2

[Event "IND-ch U20"]
[Site "Chennai"]
[Date "2009.09.20"]
[Round "1"]
[White "Karthikeyan, Pandian"]
[Black "Padhya, Saumil"]
[Result "1-0"]
[WhiteElo "2449"]
[BlackElo "1894"]
[PlyCount "105"]
[EventDate "2009.09.20"]
[EventType "swiss"]
[EventRounds "11"]
[EventCountry "IND"]
[SourceTitle "CBM 132 Extra"]
[Source "ChessBase"]
[SourceDate "2009.11.03"]
[SourceVersion "1"]
[SourceVersionDate "2009.11.03"]
[SourceQuality "1"]

1. d4 d5 2. c4 c6 3. Nf3 Nf6 4. Nc3 dxc4 5. a4 Bf5 6. e3 e6 7. Bxc4 Nbd7 8. Qe2 Bb4 9. 0-0 Bg6 10. e4 0-0 11. Bd3 Bh5 12. e5 Nd5 13. Nxd5 cxd5 14. Qe3 Bg6 15. Bxg6 hxg6 16. Ng5 Re8 17. Qf4 Qe7 18. Qh4 Nf8 19. f4 f6 20. exf6 gxf6 21. Nh3 Rac8 22. Nf2 Ba5 23. Nd3 Bb6 24. Be3 Rc4 25. Qf2 a6 26. Rfe1 Rec8 27. Re2 Nd7 28. g4 e5 29. dxe5 Bxe3 30. Rxe3 fxe5 31. Nxe5 Nxe5 32. Rxe5 Qc5 33. Qxc5 R8xc5 34. Rf1 Rxa4 35. Kg2 Rc2+ 36. Kg3 d4 37. Rfe1 Rc7 38. Rd5 Rb4 39. Rd6 Rxb2 40. Rxg6+ Kf7 41. f5 Rc3+ 42. Kf4 Rf2+ 43. Kg5 Re3 44. Rc1 Rc3 45. Rb1 Rc7 46. Rbb6 Re7 47. h4 d3 48. Rbd6 d2 49. Rd4 a5 50. h5 a4 51. h6 Rh2 52. Rd8 Rxh6 53. Rxh6 1-0